000 00339nam a2200145Ia 4500
008 151213s9999 xx 000 0 und d
100 _aH.Cox
245 _aThe Growth of Global Business
_cH.Cox
260 _aLondon
_bRontledge
_c1993
300 _a2753 p.
650 _aBusiness
650 _aBusiness
700 _aH.Cox
999 _c1863
_d1863